| 000 | 01686cam a2200409 a 4500 | ||
|---|---|---|---|
| 001 | 13591971 | ||
| 003 | ARRUPE | ||
| 005 | 20141210133129.0 | ||
| 008 | 040513s2002 miua b 000 0 eng d | ||
| 010 | _a 2004299493 | ||
| 020 | _a0879076771 | ||
| 020 | _a0879077778 (pbk.) | ||
| 035 | _a(OCoLC)ocm49793947 | ||
| 040 |
_aXII _cXII _dGZM _dDLC |
||
| 041 | 1 |
_aeng _hlat |
|
| 042 | _alccopycat | ||
| 043 | _ae-fr--- | ||
| 050 | 0 | 0 |
_aBX4700.S76 _bS76 2002 |
| 082 | 0 | 0 |
_a255/.79 _222 |
| 100 | 0 |
_aStephen, _cof Muret, Saint, _dapproximately 1045-1124. _913222 |
|
| 245 | 1 | 0 |
_aMaxims / _cStephen of Muret ; translation by Deborah van Doel ; preface by Jean Becquet ; introduction by Carole Hutchison ; illustrations by Kate Douglas ; edited by Maureen M. O'Brien. |
| 260 |
_aKalamazoo, Mich. : _bCistercian Publications, _c2002. |
||
| 300 |
_axvii, 175 p. : _bill. ; _c22 cm. |
||
| 440 | 0 |
_aCistercian studies series ; _vno. 177 _913223 |
|
| 504 | _aIncludes bibliographical references (p. 173-175). | ||
| 600 | 0 | 0 |
_aStephen, _cof Muret, Saint, _dapproximately 1045-1124 _vQuotations. _913224 |
| 610 | 2 | 0 |
_aOrder of Grandmont. _913225 |
| 650 | 0 |
_aChristian saints _zFrance _vQuotations. _913226 |
|
| 650 | 0 |
_aHermits _zFrance _vQuotations. _913227 |
|
| 650 | 0 |
_aSpiritual life _xChristianity _vQuotations, maxims, etc. _913228 |
|
| 650 | 0 |
_aMonastic and religious life _vQuotations, maxims, etc. _913229 |
|
| 700 | 1 |
_aDoel, Deborah van. _913230 |
|
| 700 | 1 |
_aO'Brien, Maureen M. _913231 |
|
| 906 |
_a7 _bcbc _ccopycat _d2 _encip _f20 _gy-gencatlg |
||
| 942 |
_2lcc _cMONOGRAPH |
||
| 999 |
_c121443 _d121443 |
||